| 000 | 01381nam a2200265 i 4500 | ||
|---|---|---|---|
| 003 | DO-SdBNP | ||
| 005 | 20250909105913.0 | ||
| 007 | ta | ||
| 008 | 250729b2008 dr ||||| |||| 00| 0 spa d | ||
| 040 |
_aDO-SdBNP _bspa _cBNPHU _erda |
||
| 041 | _aspa | ||
| 082 | 4 |
_axxx _bR426co 2008 _222 |
|
| 110 | 2 |
_aRepública Dominicana. _bComisión Nacional de Defensa de la Competencia _988448 |
|
| 240 | 1 | 0 | _a[Leyes, etc.] |
| 245 | 1 | 0 |
_aCompendio de normativas de libre competencia : _bley general de defensa de la competencia número : 42-08 |
| 264 | 1 |
_aSanto Domingo, República Dominicana : _bComisión Nacional de Defensa de la Competencia (Pro-Competencia), _c[Fecha de publicación no identificada] |
|
| 300 |
_a174 páginas ; _c23 cm. |
||
| 336 |
_atexto _btxt _2rdacontent |
||
| 337 |
_asin mediación _bn _2rdamedia |
||
| 338 |
_avolumen _bnc _2rdacarrier |
||
| 505 | _aLey general de defensa de la competencia, 7 -- Reglamento de aplicación de la Ley núm. 42-08, general de defensa de la competencia, 82 -- Reglamento que establece el procedimiento simplificado aplicable en casos de indicios de entrega de información falsa o alterada 140 -- Reglamento para el sometimiento y aprobación de compromisos de cese, 147 -- Reglamento para establecimiento de un régimen de reducción de sanciones 158 | ||
| 590 | _aInventariado, 2025 /LP | ||
| 910 | _aLP | ||
| 942 |
_2ddc _cLBS1 |
||
| 999 |
_c59663 _d59663 |
||